000 01202nam2a2200253 4500
001 RU\NLR\BIBL_A\012646819
005 20230320130253.0
010 _a978-5-88017-866-7
_bч. 3
_92000
021 _aRU
_bКН-П-21-047566
_9КН-П-21-3746
035 _a(NLR Aleph) 012646819
090 _a12713427
_c12713427
100 _a20211119d2021 u y0rusy50 ca
101 0 _arus
_achu
102 _aRU
105 _aag w 000zy
200 1 _aИюнь - август
210 _d2021
215 _a[696] с., [1] л. цв. ил.
_cил., ноты
300 _aТекст рус., церковнославян.
461 0 _1001RU\NLR\BIBL_A\012476503
_12001#$aМинея дополнительная$f[редакторы: Т. А. Левшенко, священник Иоанн Нефёдов]$vЧ. 3
_912107063
_cМосква
_d2020
_f[редакторы: Т. А. Левшенко, священник Иоанн Нефёдов]
_nИзд-во Московской Патриархии Русской Православной Церкви
_tМинея дополнительная
_y9785880178681
_vЧ. 3
942 _cBOOK
980 _aNB